| 000 | 02479cam a22004094a 4500 | ||
|---|---|---|---|
| 001 | 16090239 | ||
| 003 | OSt | ||
| 005 | 20170105102901.0 | ||
| 008 | 100211s2010 enk b 001 0 eng | ||
| 010 | _a 2010005184 | ||
| 015 |
_aGBB052473 _2bnb |
||
| 016 | 7 |
_a015535021 _2Uk |
|
| 020 | _a9780415570343 (hardcover) | ||
| 020 | _a0415570344 (hardcover) | ||
| 020 | _a9780203846315 (ebk) | ||
| 020 | _a0203846311 (ebk) | ||
| 035 | _a(OCoLC)ocn432998173 | ||
| 040 |
_aDLC _cDLC _dYDX _dBTCTA _dYDXCP _dUKM _dCDX _dPMC _dDLC |
||
| 050 | 0 | 0 |
_aJZ5538 _b.C6658 2010 |
| 082 | 0 | 0 |
_a303.6/6 _222 _bCON 2010 |
| 245 | 0 | 0 |
_aConflict, security and the reshaping of society : _bthe civilization of war / _cedited by Alessandro Dal Lago and Salvatore Palidda. |
| 260 |
_aLondon : _aNew York, NY : _bRoutledge, _c2010. |
||
| 300 |
_aix, 227 p. ; _c24 cm. |
||
| 490 | 1 | _aRoutledge studies in liberty and security | |
| 504 | _aIncludes bibliographical references (p. [200]-218) and index. | ||
| 505 | 0 | _aFields without honour : contemporary war as global enforcement / Alessandro Dal Lago -- The barbarization of peace : the neo-conservative transformation of war and perspectives / Alain Joxe -- Norm/exception : exceptionalism and governmental prospects in the shadow of political theology / Roberto Ciccarelli -- Reversing Clausewitz? War and politics in Foucault, Deleuze-Guattari and Aron / Massimiliano Guareschi -- Global war and technoscience / Luca Guzzetti -- 14 September 2001 : the regression to the habitus / Didier Bigo -- Revolution in police affairs / Salvatore Palidda -- Surveillance : from resistance to support / Eric Heilmann -- Enemies-criminals : the law and courts against global terrorism / Gabriella Petti -- Peacetime war discourse : the political economy of bellicose metaphors / Marcello Maneri -- Global bureaucracy : irresponsible but not indifferent / Mariella Pandolfi and Laurence McFalls -- The space of camps : towards a genealogy of places of internment in the present / Federico Rahola. | |
| 650 | 0 | _aWar and society. | |
| 650 | 0 | _aPeaceful change (International relations) | |
| 650 | 0 | _aPeace-building. | |
| 650 | 0 | _aSecurity, International. | |
| 700 | 1 |
_aDal Lago, Alessandro, _d1947- |
|
| 700 | 1 | _aPalidda, Salvatore. | |
| 830 | 0 | _aRoutledge studies in liberty and security. | |
| 906 |
_a7 _bcbc _corignew _d1 _eecip _f20 _gy-gencatlg |
||
| 942 |
_2ddc _cBK |
||
| 999 |
_c14639 _d14639 |
||